| 000 | 00828nam a2200253 i 4500 | ||
|---|---|---|---|
| 001 | 82235 | ||
| 003 | ES-MaACL | ||
| 005 | 20260525062928.0 | ||
| 007 | t| | ||
| 008 | 041202s2003 sp ||||1| spa d | ||
| 020 | _a84-670-0482-7 | ||
| 080 | _a821.134.2-14"19" | ||
| 100 | 1 |
_aAlberti, Rafael, _d1902-1999 _9240174 |
|
| 245 | 1 | 0 |
_aAntología poética / _cRafael Alberti ; selección y edición, Jaime Siles ; apéndice, Juan Francisco Peña. |
| 260 |
_aMadrid : _bEspasa Calpe, _c[2003] |
||
| 300 |
_aLXXXVIII, 492 p. ; _c18 cm. |
||
| 490 | 1 |
_aColección austral ; _v278 |
|
| 504 | _aBibliografía: p. [LVXXXVII]-LXXXV. | ||
| 700 | 1 |
_aSiles, Jaime, _d1951- _9106338 |
|
| 700 | 1 |
_aPeña, J. Francisco _990224 |
|
| 830 | 1 |
_aColección austral _v278 _9177655 |
|
| 852 | 4 |
_aES-MaACL _jL-28572 |
|
| 999 |
_c82235 _d82235 |
||